|
|
|
|
| LEADER |
01173naa a2200265 i 4500 |
| 001 |
acta71679 |
| 005 |
20230221142841.0 |
| 008 |
210121s2020 hu o 1|| eng d |
| 020 |
|
|
|a 978-963-306-775-8
|
| 024 |
7 |
|
|a 10.14232/kvantumelektronika.9.23
|2 doi
|
| 040 |
|
|
|a SZTE Egyetemi Kiadványok Repozitórium
|b hun
|
| 041 |
|
|
|a eng
|
| 100 |
1 |
|
|a Körmöczi Andor
|
| 245 |
1 |
3 |
|a On the electrical resistance of laser joined metal sheets
|h [elektronikus dokumentum] /
|c Körmöczi Andor
|
| 260 |
|
|
|a Szegedi Tudományegyetem Természettudományi és Informatikai Kar Fizikai Intézet
|b Szeged
|c 2020
|
| 300 |
|
|
|a 125-131
|
| 490 |
0 |
|
|a Kvantumelektronika : Szimpózium a hazai kvantumelektronikai kutatások eredményeiről
|v 9
|
| 650 |
|
4 |
|a Természettudományok
|
| 650 |
|
4 |
|a Fizikai tudományok
|
| 695 |
|
|
|a Kvantumelektronika, Lézer
|
| 700 |
0 |
1 |
|a Horváth Gábor
|e aut
|
| 700 |
0 |
1 |
|a Szörényi Tamás
|e aut
|
| 700 |
0 |
1 |
|a Geretovszky Zsolt
|e aut
|
| 711 |
|
|
|a Szimpózium a hazai kvantumelektronikai kutatások eredményeiről (9.) (2021) (Szeged)
|c Szeged
|d 2021. január 28.
|
| 856 |
4 |
0 |
|u http://acta.bibl.u-szeged.hu/71679/1/kvantumelektronika_2021_125-131.pdf
|z Dokumentum-elérés
|